Book of Night (Record no. 9504)

MARC details
000 -LEADER
fixed length control field 00349nam a22001457a 4500
008 - FIXED-LENGTH DATA ELEMENTS--GENERAL INFORMATION
fixed length control field 230405b |||||||| |||| 00| 0 eng d
020 ## - INTERNATIONAL STANDARD BOOK NUMBER
International Standard Book Number 978-1-529-10238-3
082 ## - DEWEY DECIMAL CLASSIFICATION NUMBER
Classification number 813.54
100 ## - MAIN ENTRY--PERSONAL NAME
Personal name Holly Black
245 ## - TITLE STATEMENT
Title Book of Night
260 ## - PUBLICATION, DISTRIBUTION, ETC.
Name of publisher, distributor, etc. Del Rey,
Date of publication, distribution, etc. 2022
300 ## - PHYSICAL DESCRIPTION
Extent 306 p.
Dimensions 23.5 cm
942 ## - Added entry Elements (Koha)
Source of classification or shelving scheme Dewey Decimal Classification
Holdings
Withdrawn status Lost status Source of classification or shelving scheme Damaged status Not for loan Collection code Home library Current library Shelving location Date acquired Serial Enumeration / chronology Total Checkouts Total Renewals Full call number Barcode Date last seen Date last checked out Price effective from Koha item type
    Dewey Decimal Classification     Fiction RTC Library RTC Library Fiction 05/04/2023 177350 5 2 FIC 813.54 BLA 30018497 18/12/2024 14/11/2024 05/04/2023 Fiction
Royal Thimphu College || All Right Reserved